| 000 -ლიდერი |
| ფიქსირებული სიგრძის საკონტროლო ველი |
01370nam a2200217Ia 4500 |
| 001 - საკონტროლო ნომერი |
| საკონტროლო ველი |
3760 |
| 003 - საკონტროლო ნომრის იდენტიფიკატორი |
| საკონტროლო ველი |
GE_BSU |
| 005 - ბოლო ოპერაციის თარიღი და დრო |
| საკონტროლო ველი |
20190806173021.0 |
| 008 - ფიქსირებული სიგრძის მონაცემთა ელემენტები - ზოგადი ინფორმაცია |
| ფიქსირებული სიგრძის საკონტროლო ველი |
181216s1978||||ge |||||||||||||| ||geo|| |
| 040 ## - კატალოგიზაციის წყარო |
| Transcribing agency |
GE_BSU |
| 041 ## - ენის კოდი |
| Language code of text/sound track or separate title |
geo |
| 080 ## - უნივერსალური ათობითი კლასიფიკაციის ინდექსი |
| Universal Decimal Classification number |
016 ს–32 |
| 245 ## - ცნობა სათაურის შესახებ |
| Title |
საქართველოს სსრ მეცნიერებათა აკადემიის გამოცემათა ბიბლიოგრაფია 1974-1975 წწ. / |
| Statement of responsibility, etc |
საქ. სსრ მეცნ. აკად., ცენტრ. სამეცნ. ბიბ-კა ; შემდგ.: მ. პატარაია, ზ. მახარაძე, ნ. ბაღათურია ; [რედ. ს. ხადური, ბიბლიოგრ. რედ. ა. ირემაშვილი]. |
| 264 ## - წარმოების, გამოცემის, დისტრიბუციის და სხვა ცნობები |
| გამოცემის, წარმოების, დისტრიბუციის... ადგილი |
თბილისი : |
| გამოცემის, წარმოების, დისტრიბუციის... სახელწოდება |
მეცნიერება, |
| გამოცემის, წარმოების, დისტრიბუციის... თარიღი |
1978. |
| 300 ## - ფიზიკური აღწერა |
| Extent |
650 გვ. ; |
| Other physical details |
26 სმ. |
| 500 ## - ზოგადი შენიშვნა |
| General note |
სახელთა საძიებელი: გვ. 600-647. |
| 653 ## - INDEX TERM--UNCONTROLLED |
| Uncontrolled term |
საქართველოს მეცნიერებათა აკადემიის გამოცემათა ბიბლიოგრაფია |
| 700 ## - ADDED ENTRY--PERSONAL NAME |
| Personal name |
პატარაია, მ. |
| Relator term |
შემდგენელი |
| 9 (RLIN) |
3430 |
| 700 ## - ADDED ENTRY--PERSONAL NAME |
| Personal name |
ხადური, ს. |
| Relator term |
რედაქტორი |
| 9 (RLIN) |
3431 |
| 942 ## - ADDED ENTRY ELEMENTS (KOHA) |
| Koha item type |
წიგნი |
| Source of classification or shelving scheme |
|